000 00455nam a2200181Ia 4500
001 22533
005 20260414150837.0
008 260414t2002||||xx |||||||||||||| ||spa||
041 _aESP
082 _a621.382
_bF49
100 _aFigueiras Vidal, Aníbal R.
_eAUT
245 0 _aUna panorámica de las telecomunicaciones
_b
260 _c2002
300 _axi, 394 páginas :
_c25 cm.
650 _aTCA
654 _aCET
942 _cLIB
_dJUS
_fJUS
_2ddc
_n
999 _c22533
_d22533